[Event "Barcelona Sant Marti op-B 22nd"]
[Site "Barcelona"]
[Date "2022.07.16"]
[Round "4"]
[White "Delgadillo Torrico, Felipe"]
[Black "Ferre Navarro, Joan"]
[Result "1-0"]
[WhiteElo "1815"]
[BlackElo "1591"]
[PlyCount "51"]
[EventDate "2022.07.13"]
[EventType "swiss"]
[EventRounds "9"]
[EventCountry "ESP"]
[SourceTitle "CBM 210 Extra"]
[Source "ChessBase"]
[SourceDate "2022.11.30"]
[SourceVersion "1"]
[SourceVersionDate "2022.11.30"]
[SourceQuality "1"]

1. e4 g6 2. d4 Bg7 3. Nf3 d6 4. h3 a6 5. Bc4 e6 6. 0-0 Nd7 7. Bg5 Ne7 8. c3 c5 9. Bb3 b5 10. d5 e5 11. c4 0-0 12. Qd2 bxc4 13. Bxc4 Nb6 14. Na3 f6 15. Bh6 Qe8 16. Bxg7 Kxg7 17. b3 f5 18. Rae1 f4 19. Qa5 Qd8 20. Rb1 Bb7 21. b4 cxb4 22. Rxb4 Nxc4 23. Qxd8 Rfxd8 24. Nxc4 Rab8 25. Rfb1 Rd7 26. Na5 1-0

[Event "Barcelona Sant Marti op-B 22nd"]
[Site "Barcelona"]
[Date "2022.07.13"]
[Round "1"]
[White "Castaneda Munoz, Antonio"]
[Black "Delgadillo Torrico, Felipe"]
[Result "1-0"]
[WhiteElo "1472"]
[BlackElo "1815"]
[PlyCount "115"]
[EventDate "2022.07.13"]
[EventType "swiss"]
[EventRounds "9"]
[EventCountry "ESP"]
[SourceTitle "CBM 210 Extra"]
[Source "ChessBase"]
[SourceDate "2022.11.30"]
[SourceVersion "1"]
[SourceVersionDate "2022.11.30"]
[SourceQuality "1"]

1. e4 d5 2. exd5 Qxd5 3. Nf3 c6 4. d4 Qd6 5. Be2 Nf6 6. 0-0 Bg4 7. Be3 e6 8. Nbd2 Nbd7 9. a3 Be7 10. Nc4 Qc7 11. Nce5 Bxf3 12. Nxf3 Nd5 13. Qd2 Nxe3 14. Qxe3 0-0 15. Bd3 Bf6 16. Rae1 c5 17. c3 cxd4 18. Nxd4 Bxd4 19. Qxd4 Rfd8 20. Re3 Nf8 21. Qh4 g6 22. Qh6 Rd5 23. Qh3 Rad8 24. c4 Rd4 25. Be2 Rd2 26. b3 Ra2 27. a4 Rdd2 28. Re1 Qa5 29. Kf1 Qd8 30. Qf3 Qd7 31. Rd3 Rxd3 32. Bxd3 Rd2 33. Rd1 Rxd1+ 34. Qxd1 Qc7 35. g3 Nd7 36. Qf3 Nc5 37. Bc2 a5 38. Qf6 Qd6 39. h4 Qd2 40. Kg2 Qxc2 41. Qd8+ Kg7 42. Qd4+ Kg8 43. Qd8+ Kg7 44. Qd4+ Kh6 45. Qf4+ Kg7 46. Qd4+ f6 47. Qxc5 Qe4+ 48. Kh2 Qf3 49. Qc7+ Kh6 50. Qb6 e5 51. Kg1 Kh5 52. Qxa5 Qxb3 53. Qb5 Qf3 54. Qd5 Qb3 55. Qb5 Qd1+ 56. Kg2 Kg4 57. Qxb7 f5 58. f3+ 1-0

[Event "Foment Martinenc op-A 22nd"]
[Site "Barcelona"]
[Date "2022.06.11"]
[Round "8"]
[White "Delgadillo Torrico, Felipe"]
[Black "Pardina Domenech, Victor"]
[Result "1-0"]
[WhiteElo "1773"]
[BlackElo "1857"]
[PlyCount "43"]
[EventDate "2022.04.23"]
[EventType "swiss"]
[EventRounds "9"]
[EventCountry "ESP"]
[SourceTitle "EXT 2023"]
[Source "ChessBase"]
[SourceDate "2022.10.05"]
[SourceVersion "1"]
[SourceVersionDate "2022.10.05"]
[SourceQuality "1"]

1. c4 Nf6 2. Nc3 g6 3. g3 Bg7 4. Bg2 0-0 5. d3 d6 6. e4 e5 7. Nge2 Nc6 8. 0-0 Ne8 9. Nd5 Be6 10. Be3 Ne7 11. Qd2 c6 12. Nxe7+ Qxe7 13. Bh6 Nc7 14. Bxg7 Kxg7 15. f4 exf4 16. Nxf4 f5 17. Rae1 fxe4 18. Rxe4 Qd7 19. Qc3+ Kg8 20. Nxe6 Rxf1+ 21. Bxf1 Nxe6 22. Qf6 1-0

[Event "Foment Martinenc op-A 22nd"]
[Site "Barcelona"]
[Date "2022.06.04"]
[Round "7"]
[White "Severri Arrese, Carlos"]
[Black "Delgadillo Torrico, Felipe"]
[Result "0-1"]
[WhiteElo "1673"]
[BlackElo "1773"]
[PlyCount "122"]
[EventDate "2022.04.23"]
[EventType "swiss"]
[EventRounds "9"]
[EventCountry "ESP"]
[SourceTitle "EXT 2023"]
[Source "ChessBase"]
[SourceDate "2022.10.05"]
[SourceVersion "1"]
[SourceVersionDate "2022.10.05"]
[SourceQuality "1"]

1. e4 e6 2. d4 d5 3. Nc3 dxe4 4. Nxe4 Nf6 5. Nxf6+ Qxf6 6. Nf3 h6 7. c3 Bd6 8. Nd2 0-0 9. Ne4 Qe7 10. Qh5 f5 11. Nxd6 cxd6 12. Bc4 d5 13. Bb3 Nd7 14. Qe2 Nf6 15. Bf4 Bd7 16. 0-0-0 b5 17. f3 a5 18. Bc2 b4 19. cxb4 Qxb4 20. Kb1 Rac8 21. Qd2 Qxd2 22. Bxd2 a4 23. Bb4 Rfe8 24. Rhe1 Kf7 25. Re3 g6 26. a3 Bb5 27. Bd3 Bxd3+ 28. Rdxd3 Rc6 29. Rc3 Rec8 30. Kc2 g5 31. Rxc6 Rxc6+ 32. Rc3 Ra6 33. Rc7+ Kg6 34. b3 g4 35. bxa4 Rxa4 36. Kb3 Ra8 37. a4 gxf3 38. gxf3 Nh5 39. a5 Nf4 40. Ka4 Ne2 41. Bc5 Ng1 42. Kb5 Rb8+ 43. Bb6 Nxf3 44. Kc6 Nd2 45. Ba7 Rb2 46. Bb6 Nc4 47. Ra7 f4 48. Bc7 f3 49. Bg3 f2 50. Bxf2 Rxf2 51. a6 Rxh2 52. Re7 Kf5 53. a7 Ra2 54. Kb7 Nd6+ 55. Kb8 Nb5 56. Rf7+ Ke4 57. Rf6 Rxa7 58. Rxe6+ Kxd4 59. Rxh6 Rg7 60. Rh1 Nc3 61. Rh3 Kc4 0-1

[Event "Foment Martinenc op-A 22nd"]
[Site "Barcelona"]
[Date "2022.05.14"]
[Round "4"]
[White "Delgadillo Torrico, Felipe"]
[Black "Pinero, Reinaldo Adolfo"]
[Result "1-0"]
[WhiteElo "1773"]
[BlackElo "1848"]
[PlyCount "67"]
[EventDate "2022.04.23"]
[EventType "swiss"]
[EventRounds "9"]
[EventCountry "ESP"]
[SourceTitle "EXT 2023"]
[Source "ChessBase"]
[SourceDate "2022.10.05"]
[SourceVersion "1"]
[SourceVersionDate "2022.10.05"]
[SourceQuality "1"]

1. d4 Nf6 2. Nf3 e6 3. Bf4 d5 4. e3 c5 5. c3 Nc6 6. Bd3 Be7 7. Nbd2 0-0 8. h3 Re8 9. 0-0 h6 10. Rc1 c4 11. Bb1 Bd6 12. Qc2 b5 13. a3 Bb7 14. Bxd6 Qxd6 15. e4 e5 16. exd5 Qxd5 17. Ne4 Nd7 18. Nc5 Nxc5 19. Qh7+ Kf8 20. dxc5 f6 21. Rcd1 Qg8 22. Qg6 Red8 23. Qg4 Qf7 24. Bg6 Qe7 25. Nh4 Qxc5 26. Be4 Na5 27. Bf5 g5 28. Ng6+ Kg7 29. Qh5 e4 30. Nh4 Qe7 31. Qg6+ Kf8 32. Qxh6+ Kg8 33. Ng6 Qh7 34. Be6+ 1-0

[Event "El Prat de Llobregat op-B 1st"]
[Site "El Prat de Llobregat"]
[Date "2019.12.08"]
[Round "6"]
[White "Delgadillo Torrico, Felipe"]
[Black "Madrid Sole, Antonio"]
[Result "0-1"]
[WhiteElo "1872"]
[BlackElo "1759"]
[PlyCount "130"]
[EventDate "2019.12.03"]
[EventType "swiss"]
[EventRounds "9"]
[EventCountry "ESP"]
[SourceTitle "CBM 193 Extra"]
[Source "ChessBase"]
[SourceDate "2020.01.31"]
[SourceVersion "1"]
[SourceVersionDate "2020.01.31"]
[SourceQuality "1"]

1. c4 Nf6 2. g3 e6 3. Bg2 d5 4. d4 Be7 5. Nf3 0-0 6. Qb3 c6 7. 0-0 Nbd7 8. Nc3 Qb6 9. Qxb6 axb6 10. cxd5 exd5 11. Ne5 b5 12. a4 b4 13. Nb1 Nxe5 14. dxe5 Nd7 15. f4 Nc5 16. h3 Nb3 17. Ra2 Nd4 18. Nd2 b3 19. Ra1 Nc2 20. Rb1 Bc5+ 21. Kh2 Be3 22. Nxb3 Rxa4 23. Bxe3 Nxe3 24. Rf3 Nxg2 25. Kxg2 Bf5 26. Rc1 Be4 27. Nc5 Bxf3+ 28. Kxf3 Rb4 29. Nd3 Rb3 30. f5 Ra8 31. g4 Ra4 32. Kf2 Ra8 33. Kg3 Kf8 34. Kf4 h6 35. h4 Ra4+ 36. Kf3 Ke7 37. Kf2 Rxg4 38. Kf3 h5 39. Ra1 Rxh4 40. Ra7 Rc4 41. Ra8 Rg4 42. Rc8 Rg1 43. Rc7+ Ke8 44. Rc8+ Kd7 45. Ra8 Rxd3+ 46. exd3 Rf1+ 47. Ke3 Rxf5 48. d4 g6 49. Rb8 Kc7 50. Rf8 Kb6 51. b4 Kb5 52. Rb8 b6 53. Rb7 h4 54. Rb8 g5 55. Rf8 Kxb4 56. e6 fxe6 57. Re8 Rf4 58. Rg8 Re4+ 59. Kd3 g4 60. Rc8 Kb5 61. Rb8 h3 62. Rh8 c5 63. dxc5 Kxc5 64. Rc8+ Kb5 65. Rh8 Kb4 0-1

[Event "El Prat de Llobregat op-B 1st"]
[Site "El Prat de Llobregat"]
[Date "2019.12.04"]
[Round "2"]
[White "Delgadillo Torrico, Felipe"]
[Black "Quero Ortega, Juan"]
[Result "1-0"]
[WhiteElo "1872"]
[BlackElo "1701"]
[PlyCount "71"]
[EventDate "2019.12.03"]
[EventType "swiss"]
[EventRounds "9"]
[EventCountry "ESP"]
[SourceTitle "CBM 193 Extra"]
[Source "ChessBase"]
[SourceDate "2020.01.31"]
[SourceVersion "1"]
[SourceVersionDate "2020.01.31"]
[SourceQuality "1"]

1. Nf3 d6 2. d4 Nf6 3. g3 Nc6 4. Bg2 g6 5. 0-0 Bg7 6. c4 0-0 7. Nc3 a6 8. Bg5 h6 9. Bxf6 Bxf6 10. Qd2 Bg7 11. Rad1 e6 12. Rfe1 Rb8 13. d5 exd5 14. cxd5 Ne7 15. Nd4 Nf5 16. Nxf5 Bxf5 17. e4 Bd7 18. Ne2 Bg4 19. f3 Bd7 20. b3 h5 21. h4 Kh7 22. Kh2 Be5 23. f4 Bg7 24. Nd4 Rc8 25. Nf3 Bh6 26. Qd3 f5 27. Nd4 Bg7 28. exf5 Bxf5 29. Nxf5 gxf5 30. Re6 Rf6 31. Rde1 Qf8 32. Qd1 Qf7 33. Bf3 Kh6 34. Rxf6+ Bxf6 35. Re6 Re8 36. Bxh5 1-0

[Event "Barcelona Sant Marti op-B 21st"]
[Site "Barcelona"]
[Date "2019.07.21"]
[Round "9"]
[White "Morais Carreras, Javier"]
[Black "Delgadillo Torrico, Felipe"]
[Result "1-0"]
[WhiteElo "1893"]
[BlackElo "1851"]
[PlyCount "109"]
[EventDate "2019.07.13"]
[EventType "swiss"]
[EventRounds "9"]
[EventCountry "ESP"]
[SourceTitle "EXT 2020"]
[Source "ChessBase"]
[SourceDate "2019.10.17"]
[SourceVersion "1"]
[SourceVersionDate "2019.10.17"]
[SourceQuality "1"]

1. e4 c6 2. Nc3 d5 3. Nf3 dxe4 4. Nxe4 Bg4 5. h3 Bxf3 6. Qxf3 Nd7 7. g3 Ngf6 8. Bg2 Nxe4 9. Qxe4 Nf6 10. Qc4 Rc8 11. 0-0 e6 12. d3 Be7 13. a4 Nd5 14. a5 a6 15. Qb3 Qd7 16. Bd2 0-0 17. Rad1 Bc5 18. c4 Ne7 19. Be4 Nf5 20. Bxf5 exf5 21. Bf4 Bd4 22. Rfe1 Rfe8 23. Qb4 c5 24. Qd2 h6 25. h4 f6 26. Be3 Rcd8 27. Kh2 g5 28. f4 Bxe3 29. Rxe3 gxh4 30. gxh4 Rxe3 31. Qxe3 Re8 32. Rg1+ Kh7 33. Qf3 Rg8 34. Rxg8 Kxg8 35. Qg3+ Kh7 36. h5 Qf7 37. Qf3 Qe7 38. Kg2 Qd7 39. Qg3 Qe8 40. Qf3 Qf7 41. Kf2 Kh8 42. Ke1 Qc7 43. Kd1 Qf7 44. Qe2 Kh7 45. Kc1 Qc7 46. Qe3 Kh8 47. Qe8+ Kh7 48. Qg6+ Kh8 49. Qxh6+ Kg8 50. Qg6+ Kh8 51. Qxf6+ Kg8 52. Qe6+ Qf7 53. Qxf7+ Kxf7 54. d4 cxd4 55. b4 1-0

[Event "Barcelona Sant Marti op-B 21st"]
[Site "Barcelona"]
[Date "2019.07.17"]
[Round "5"]
[White "Arias Aranda, Guillem"]
[Black "Delgadillo Torrico, Felipe"]
[Result "0-1"]
[WhiteElo "1595"]
[BlackElo "1851"]
[PlyCount "58"]
[EventDate "2019.07.13"]
[EventType "swiss"]
[EventRounds "9"]
[EventCountry "ESP"]
[SourceTitle "EXT 2020"]
[Source "ChessBase"]
[SourceDate "2019.10.17"]
[SourceVersion "1"]
[SourceVersionDate "2019.10.17"]
[SourceQuality "1"]

1. e4 d5 2. Nf3 dxe4 3. Ng5 Bf5 4. Nc3 Nf6 5. f3 e3 6. dxe3 Qxd1+ 7. Kxd1 h6 8. e4 Bd7 9. Nh3 Bxh3 10. gxh3 Nc6 11. Be3 0-0-0+ 12. Bd3 e6 13. Ke2 Nb4 14. Rac1 Nd7 15. Bc4 Kb8 16. Rhd1 Be7 17. a3 Nc6 18. Bb5 Nde5 19. f4 a6 20. Ba4 Nc4 21. Bxc6 bxc6 22. Bf2 g5 23. Bd4 Rhg8 24. f5 exf5 25. exf5 Bd6 26. Bf6 Rde8+ 27. Kf2 Bf4 28. Ra1 Nd6 29. Rd4 Be3+ 0-1

[Event "Barcelona Sant Marti op-B 21st"]
[Site "Barcelona"]
[Date "2019.07.16"]
[Round "4"]
[White "Delgadillo Torrico, Felipe"]
[Black "Volart Buil, Jordi"]
[Result "1-0"]
[WhiteElo "1851"]
[BlackElo "1619"]
[PlyCount "81"]
[EventDate "2019.07.13"]
[EventType "swiss"]
[EventRounds "9"]
[EventCountry "ESP"]
[SourceTitle "EXT 2020"]
[Source "ChessBase"]
[SourceDate "2019.10.17"]
[SourceVersion "1"]
[SourceVersionDate "2019.10.17"]
[SourceQuality "1"]

1. d4 Nf6 2. c4 c5 3. d5 d6 4. Nc3 e5 5. dxe6 Bxe6 6. e4 Nc6 7. Nf3 Ne5 8. b3 Be7 9. Be2 0-0 10. 0-0 h6 11. Bb2 Ng6 12. Qd2 a6 13. Rfe1 Qc7 14. Rad1 Rfd8 15. Nd5 Bxd5 16. exd5 Re8 17. Bd3 Qd7 18. Bxg6 fxg6 19. Re6 g5 20. Rde1 Bd8 21. h3 Rxe6 22. Rxe6 Kf7 23. Nh2 b5 24. Qe2 bxc4 25. Bxf6 Bxf6 26. Qg4 Qd8 27. Qxc4 a5 28. Ng4 Ra7 29. Qe4 Kf8 30. Nxf6 gxf6 31. Qg6 Rf7 32. Qxh6+ Kg8 33. Qh5 Kg7 34. Qf3 Qf8 35. Qg3 Rd7 36. h4 Re7 37. Qxd6 Rxe6 38. Qxe6 Qf7 39. Qxf7+ Kxf7 40. h5 a4 41. Kf1 1-0

[Event "Foment Martinenc op-A 21st"]
[Site "Barcelona"]
[Date "2019.06.15"]
[Round "8"]
[White "Delgadillo Torrico, Felipe"]
[Black "Custodio Criado, Jofre"]
[Result "0-1"]
[WhiteElo "1872"]
[BlackElo "1748"]
[PlyCount "92"]
[EventDate "2019.04.27"]
[EventType "swiss"]
[EventRounds "9"]
[EventCountry "ESP"]
[SourceTitle "EXT 2020"]
[Source "ChessBase"]
[SourceDate "2019.10.17"]
[SourceVersion "1"]
[SourceVersionDate "2019.10.17"]
[SourceQuality "1"]

1. e4 e5 2. Nf3 d6 3. d4 exd4 4. Nxd4 g6 5. Bc4 Bg7 6. 0-0 Nc6 7. c3 Nf6 8. Nxc6 bxc6 9. Bg5 0-0 10. Nd2 Qd7 11. f3 Re8 12. Kh1 d5 13. Bd3 Qd6 14. Re1 dxe4 15. Nxe4 Nxe4 16. Bxe4 Bd7 17. Qc2 Qe5 18. Bh4 Qh5 19. Bg3 Be5 20. Bxe5 Qxe5 21. Red1 Bf5 22. Bxf5 gxf5 23. h3 Rad8 24. Rxd8 Rxd8 25. Rd1 Rd5 26. Rxd5 cxd5 27. Qf2 a6 28. a4 Qf4 29. Qc2 Qe5 30. Qd2 f4 31. Kg1 Kg7 32. Kf2 Kf6 33. b4 c6 34. Qd3 Kg7 35. Qd4 Qxd4+ 36. cxd4 Kf6 37. g3 fxg3+ 38. Kxg3 Kf5 39. h4 h5 40. Kg2 Kf4 41. Kf2 f6 42. a5 f5 43. Ke2 Kg3 44. Ke3 f4+ 45. Ke2 Kg2 46. Kd3 Kxf3 0-1

[Event "Sitges Sunway op-B 5th"]
[Site "Sitges"]
[Date "2018.12.16"]
[Round "3"]
[White "Al Dosari, Naif"]
[Black "Delgadillo Torrico, Felipe"]
[Result "1-0"]
[WhiteElo "1703"]
[BlackElo "1895"]
[PlyCount "123"]
[EventDate "2018.12.14"]
[EventType "swiss"]
[EventRounds "10"]
[EventCountry "ESP"]
[SourceTitle "CBM 187 Extra"]
[Source "ChessBase"]
[SourceDate "2018.11.04"]
[SourceVersion "1"]
[SourceVersionDate "2018.11.04"]
[SourceQuality "1"]

1. d4 d5 2. Nf3 Nf6 3. Bg5 e6 4. e3 Be7 5. Bd3 c6 6. Nbd2 Nbd7 7. c3 h6 8. Bh4 c5 9. h3 0-0 10. Qe2 c4 11. Bc2 b5 12. g4 Nh7 13. Bg3 f5 14. gxf5 exf5 15. Ne5 Nxe5 16. Bxe5 Bf6 17. Nf3 Ng5 18. Nh4 Bxe5 19. dxe5 Qe8 20. 0-0-0 Be6 21. Ng2 a5 22. Nf4 Qf7 23. Rhg1 Kh8 24. h4 Ne4 25. Rg6 Rae8 26. Rdg1 Rg8 27. Nh5 Nf6 28. Nf4 Nh7 29. Qf3 Nf8 30. R1g3 b4 31. Nh5 Nd7 32. Rxg7 Nxe5 33. Qf4 Rxg7 34. Rxg7 Qxh5 35. Qxe5 Bf7 36. Qf6 Re6 37. Qxf7 Qxf7 38. Rxf7 bxc3 39. bxc3 Rg6 40. Rxf5 Rg1+ 41. Kb2 Rg2 42. Ka3 Rg1 43. Rxd5 Rf1 44. Rf5 Kg7 45. h5 Rh1 46. Rxa5 Kf6 47. Kb4 Rh4 48. e4 Ke6 49. Kxc4 Rh2 50. Rf5 Rh1 51. Kc5 Rc1 52. Bb3+ Ke7 53. Rf7+ Ke8 54. Kb4 Rh1 55. Rf6 Rh4 56. f4 Ke7 57. e5 Rxh5 58. a4 Rh1 59. a5 h5 60. a6 Ra1 61. a7 Kd7 62. Be6+ 1-0

[Event "Barcelona Sant Marti op-B 19th"]
[Site "Barcelona"]
[Date "2017.07.21"]
[Round "9"]
[White "Delgadillo Torrico, Felipe"]
[Black "Pena Mor, David"]
[Result "0-1"]
[WhiteElo "1943"]
[BlackElo "1764"]
[PlyCount "64"]
[EventDate "2017.07.13"]
[EventType "swiss"]
[EventRounds "9"]
[EventCountry "ESP"]
[SourceTitle "EXT 2018"]
[Source "ChessBase"]
[SourceDate "2017.10.13"]
[SourceVersion "1"]
[SourceVersionDate "2017.10.13"]
[SourceQuality "1"]

1. d4 Nf6 2. Nf3 e6 3. Bf4 c5 4. e3 d5 5. c3 Nc6 6. Nbd2 Bd6 7. Ne5 Qc7 8. Ndf3 0-0 9. Bd3 Nd7 10. Nxd7 Bxd7 11. Bxd6 Qxd6 12. 0-0 h6 13. Bc2 e5 14. dxe5 Nxe5 15. Nxe5 Qxe5 16. Qd3 g6 17. e4 Bc6 18. exd5 Qxd5 19. Qg3 Qe6 20. Rfe1 Qf6 21. Be4 Bxe4 22. Rxe4 Rfe8 23. Qe3 Qc6 24. Rxe8+ Rxe8 25. Qxh6 Re2 26. Rd1 Qf6 27. f3 Rxb2 28. Qe3 b6 29. a4 Rc2 30. Qe8+ Kg7 31. Rd8 Rc1+ 32. Kf2 Qh4+ 0-1

[Event "Barcelona Sant Marti op-B 19th"]
[Site "Barcelona"]
[Date "2017.07.16"]
[Round "4"]
[White "Gonzalez Moreno, Antoni"]
[Black "Delgadillo Torrico, Felipe"]
[Result "0-1"]
[WhiteElo "1734"]
[BlackElo "1943"]
[PlyCount "142"]
[EventDate "2017.07.13"]
[EventType "swiss"]
[EventRounds "9"]
[EventCountry "ESP"]
[SourceTitle "EXT 2018"]
[Source "ChessBase"]
[SourceDate "2017.10.13"]
[SourceVersion "1"]
[SourceVersionDate "2017.10.13"]
[SourceQuality "1"]

1. c4 c6 2. Nc3 Nf6 3. g3 d5 4. cxd5 cxd5 5. d4 e6 6. Nf3 Nc6 7. e3 Be7 8. Bg2 0-0 9. 0-0 Bd7 10. a3 Na5 11. Ne5 Rc8 12. Nxd7 Qxd7 13. Qd3 a6 14. Bd2 Nc4 15. Rab1 b5 16. Rfd1 Rfd8 17. Na2 Nxd2 18. Qxd2 Rc7 19. Rbc1 Rdc8 20. Rxc7 Rxc7 21. Rc1 Rc4 22. Bf1 Ne4 23. Qd1 Rc7 24. Bd3 f5 25. Bxe4 fxe4 26. Rxc7 Qxc7 27. Qc1 Qc4 28. Qxc4 bxc4 29. Kf1 Kf7 30. Ke2 h5 31. h3 Kf6 32. Nc3 Bd6 33. Kd2 Ke7 34. Ke2 Bc7 35. Na4 Bd6 36. Kd2 Kd7 37. Nc3 Kc6 38. Kc2 e5 39. Kd2 exd4 40. exd4 Be7 41. Nd1 Bg5+ 42. Kc3 Bf6 43. Ne3 g6 44. Nc2 a5 45. Ne3 Bg5 46. Nd1 h4 47. g4 Bf4 48. Kc2 Bh2 49. Kc3 Bg1 50. Kc2 Kd6 51. Kd2 Ke6 52. Ke2 Bh2 53. Nc3 Bf4 54. Nd1 Bc1 55. Ke1 Kd6 56. Ke2 Kc6 57. a4 Kd6 58. Ke1 Ke6 59. Ke2 Kf7 60. Ke1 Kf6 61. Ke2 Kg5 62. Ne3 Bxb2 63. Nxd5 Bxd4 64. Ne3 c3 65. Nc2 Bc5 66. Ne3 Bb4 67. Kd1 Kf4 68. Ng2+ Kf3 69. Nxh4+ Kxf2 70. Nxg6 Bd6 71. Nh4 e3 0-1

[Event "Barcelona Paredes Memorial 19th"]
[Site "Barcelona"]
[Date "2017.05.27"]
[Round "6"]
[White "Delgadillo Torrico, Felipe"]
[Black "Blasco Benito, Albert"]
[Result "0-1"]
[WhiteElo "1937"]
[BlackElo "2085"]
[PlyCount "70"]
[EventDate "2017.04.22"]
[EventType "swiss"]
[EventRounds "9"]
[EventCountry "ESP"]
[SourceTitle "EXT 2018"]
[Source "ChessBase"]
[SourceDate "2017.10.13"]
[SourceVersion "1"]
[SourceVersionDate "2017.10.13"]
[SourceQuality "1"]

1. d4 Nf6 2. c4 g6 3. Nc3 Bg7 4. e4 d6 5. Nf3 0-0 6. Be2 Nc6 7. 0-0 Bg4 8. Be3 Bxf3 9. Bxf3 e5 10. d5 Ne7 11. Qd2 Nd7 12. Bh6 f5 13. Bxg7 Kxg7 14. b4 b6 15. Be2 f4 16. f3 g5 17. Rfc1 Ng6 18. Na4 Nh4 19. c5 g4 20. cxd6 Qg5 21. Rxc7 Rad8 22. fxg4 Rf7 23. Bf3 h5 24. h3 hxg4 25. hxg4 Nxf3+ 26. gxf3 Rh8 27. Rac1 Rh3 28. Qf2 Qh6 29. Qg2 Rg3 30. Rxa7 Qh3 31. Qxg3 Qxg3+ 32. Kf1 Qxf3+ 33. Ke1 Qe3+ 34. Kd1 Qd3+ 35. Ke1 f3 0-1

[Event "Barcelona Paredes Memorial 19th"]
[Site "Barcelona"]
[Date "2017.05.20"]
[Round "5"]
[White "Garrido Fernandez, Daniel"]
[Black "Delgadillo Torrico, Felipe"]
[Result "1/2-1/2"]
[WhiteElo "2205"]
[BlackElo "1937"]
[PlyCount "93"]
[EventDate "2017.04.22"]
[EventType "swiss"]
[EventRounds "9"]
[EventCountry "ESP"]
[SourceTitle "EXT 2018"]
[Source "ChessBase"]
[SourceDate "2017.10.13"]
[SourceVersion "1"]
[SourceVersionDate "2017.10.13"]
[SourceQuality "1"]

1. e4 d5 2. exd5 Qxd5 3. Nc3 Qa5 4. d4 c6 5. Nf3 Nf6 6. Bc4 Bf5 7. Bd2 e6 8. Nd5 Qd8 9. Nxf6+ Qxf6 10. Ne5 Nd7 11. Qe2 Nxe5 12. dxe5 Qg6 13. 0-0 Bxc2 14. Rac1 Bf5 15. Be3 Be7 16. Rfd1 Be4 17. f4 Bd5 18. Bd3 f5 19. exf6 Qxf6 20. Bb1 0-0 21. Bd4 Qf7 22. Rc3 Bf6 23. Rh3 g6 24. Be5 Bxe5 25. fxe5 Qf4 26. Rg3 Rf7 27. Rg4 Qh6 28. Be4 Raf8 29. Bxd5 cxd5 30. h3 Rf5 31. Re1 Qg7 32. Rb4 Qc7 33. Rb3 Qc5+ 34. Qe3 d4 35. Qd3 Qd5 36. Rb5 Qc6 37. Rb3 Rf2 38. Qe4 Rd2 39. Rxb7 Qxe4 40. Rxe4 Rff2 41. Rg4 Rfe2 42. Rxa7 Rxe5 43. Rf4 Rf5 44. Re4 e5 45. b4 Rff2 46. Rxe5 Rxg2+ 47. Kf1 1/2-1/2

[Event "Alcudia Belleuve"]
[Site "Alcudia"]
[Date "2012.10.21"]
[Round "9.14"]
[White "Delgadillo Torrico, Felipe"]
[Black "Diez Jover, Alberto"]
[Result "0-1"]
[WhiteElo "1981"]
[BlackElo "1891"]
[PlyCount "70"]
[EventDate "2012.10.14"]
[EventType "swiss"]
[EventRounds "9"]
[EventCountry "ESP"]
[SourceTitle "EXT 2024"]
[Source "ChessBase"]
[SourceDate "2023.10.10"]
[SourceVersion "1"]
[SourceVersionDate "2023.10.10"]
[SourceQuality "1"]

1. c4 c5 2. Nc3 b6 3. e4 d6 4. Nf3 Nd7 5. d4 cxd4 6. Nxd4 Bb7 7. Be2 Ngf6 8. f3 a6 9. Be3 e6 10. 0-0 Be7 11. Qd2 0-0 12. Rfd1 Qc7 13. Rac1 Rfe8 14. Qe1 Rac8 15. Bd3 Ne5 16. b3 Qb8 17. Bb1 d5 18. cxd5 Ba3 19. Rc2 exd5 20. exd5 Neg4 21. fxg4 Nxg4 22. Qh4 Nxe3 23. Re2 g6 24. Rd3 Nxd5 25. Rxe8+ Rxe8 26. Ne4 Qe5 27. Rd1 f5 28. Ng5 Nf6 29. Ndf3 Bc5+ 30. Kh1 Qb2 31. Qc4+ Bd5 32. Qxa6 Ng4 33. Nh3 Bxf3 34. Qc4+ Kh8 35. Qc3+ Qxc3 0-1

[Event "Alcudia Belleuve"]
[Site "Alcudia"]
[Date "2012.10.19"]
[Round "6.6"]
[White "Westerweele, Henrik"]
[Black "Delgadillo Torrico, Felipe"]
[Result "0-1"]
[WhiteElo "1942"]
[BlackElo "1981"]
[PlyCount "104"]
[EventDate "2012.10.14"]
[EventType "swiss"]
[EventRounds "9"]
[EventCountry "ESP"]
[SourceTitle "EXT 2024"]
[Source "ChessBase"]
[SourceDate "2023.10.10"]
[SourceVersion "1"]
[SourceVersionDate "2023.10.10"]
[SourceQuality "1"]

1. e4 c5 2. c3 Nf6 3. e5 Nd5 4. d4 cxd4 5. Nf3 Nc6 6. Bc4 Nb6 7. Bb3 e6 8. cxd4 d5 9. Nc3 Be7 10. Bc2 Bd7 11. h4 Nb4 12. Bb1 a6 13. a3 Nc6 14. Bg5 h6 15. Bxe7 Nxe7 16. Bd3 Rc8 17. Rc1 Nc4 18. Qe2 b5 19. Rh3 0-0 20. Bb1 f5 21. exf6 Rxf6 22. Qc2 Ng6 23. Rg3 Nf8 24. h5 Be8 25. Ne2 Bxh5 26. Ne5 Nd6 27. Rc3 Rxc3 28. Qxc3 Ne4 29. Bxe4 dxe4 30. Qc7 Qd5 31. Qc6 Qb3 32. Qc3 Qd5 33. Qc6 Bxe2 34. Qxd5 exd5 35. Kxe2 Ng6 36. Nxg6 Rxg6 37. g3 Rd6 38. Rc7 Kh7 39. Ra7 Kg6 40. Ke3 Kf6 41. Rc7 g6 42. Rc8 Kg5 43. Re8 Kg4 44. Rf8 g5 45. Re8 h5 46. Rg8 Rf6 47. Rd8 Rf5 48. Rd6 h4 49. gxh4 gxh4 50. Rxa6 h3 51. Rh6 Rh5 52. f3+ Kg5 0-1

[Event "Alcudia Belleuve"]
[Site "Alcudia"]
[Date "2012.10.16"]
[Round "3.27"]
[White "Delgadillo Torrico, Felipe"]
[Black "Ramis Sebastia, Jordi Salvador"]
[Result "1-0"]
[WhiteElo "1981"]
[BlackElo "1675"]
[PlyCount "73"]
[EventDate "2012.10.14"]
[EventType "swiss"]
[EventRounds "9"]
[EventCountry "ESP"]
[SourceTitle "EXT 2024"]
[Source "ChessBase"]
[SourceDate "2023.10.10"]
[SourceVersion "1"]
[SourceVersionDate "2023.10.10"]
[SourceQuality "1"]

1. Nf3 d5 2. d4 Nf6 3. e3 Bg4 4. Be2 e6 5. 0-0 c5 6. b3 Bd6 7. Bb2 0-0 8. Nbd2 Nc6 9. c4 cxd4 10. Nxd4 Bxe2 11. Qxe2 a6 12. cxd5 Nxd4 13. Bxd4 Nxd5 14. Ne4 Be7 15. Rfd1 f5 16. Nc3 Nxc3 17. Bxc3 Qe8 18. Rd3 Bf6 19. Bxf6 Rxf6 20. Rad1 h6 21. Rd7 Rf7 22. R7d6 Rc8 23. g3 Rfc7 24. Qf3 Kh7 25. h4 Qf7 26. Kg2 e5 27. R6d5 Re7 28. Qe2 e4 29. R1d2 Rec7 30. Rd6 Re8 31. Qd1 Re6 32. R6d5 Rec6 33. Qe2 Rc1 34. Rd8 Qf6 35. R2d6 Qa1 36. Rd1 R7c2 37. Qxc2 1-0